| 000 | 00751nam a22002297a 4500 | ||
|---|---|---|---|
| 005 | 20170124110212.0 | ||
| 010 | _aB-035217 | ||
| 020 | _c00.00 | ||
| 035 | _aB-035217 | ||
| 037 | _bCen Lib/Ret | ||
| 040 |
_aDPL _bEN |
||
| 082 |
_a320.8 _bSIV |
||
| 100 |
_aSivaramakrishnan, K. C. _938287 |
||
| 245 |
_aPower to the peole? : _cby K. C. Sivaramakrishnan _bthe politics and progress of decentralisation / |
||
| 260 |
_bKonark Publishers _aDelhi _c2000 |
||
| 270 |
_bDelhi _aA-149, Main Vikas Marg _e110092 |
||
| 300 |
_axi,249p. _c22cm(Hb) |
||
| 500 | _aIncludes index | ||
| 650 |
_aDecentralization in government -- India _938288 |
||
| 650 |
_aIndia -- Politics and government -- 1947- _914822 |
||
| 942 |
_2ddc _cEN _h320.8 _mSIV |
||
| 999 |
_c133560 _d133560 |
||